000 00428nam a2200169 a 4500
001 3027
005 20140414131918.0
008 060131s19uu xx 00 eng d
050 _aER
_bM71
100 _aWilkin, Eloise
245 _aMother Goose /
_cby Eloise Wilkin.
260 _bGolden Books.
300 _a1 v. p. ; cm.
440 _aLittle golden treasures
650 _aRhymes
_xJuvenile literature.
999 _c111623
_d111623